000 00579nam a2200241Ia 4500
003 OSt
005 20220912152046.0
006 a|||||r|||| 00| 0
007 ta
008 220909b |||||||| |||| 00| 0 eng d
024 _a60172
037 _cTextual
040 _aCSL
_beng
_cCSL
041 _aeng
082 _aE, H4
100 _aOffner M M
245 0 _aFounamentals fo chemistry and their application in modern life
260 _c1944
300 _ap.
_ccm.
650 _aChemistry
942 _hE, H4
_cTEXL
_2CC
999 _c80313
_d80313